000 00338nam a2200133Ia 4500
005 20260326100029.0
008 260326s9999||||xx |||||||||||||| ||und||
100 _aColmenares R., José Luis
245 0 _aCarlos Guinand Sandoz /
_cJosé Luis Colmenares R.
260 _bCladerca
300 _a235 p.
650 _aARQUITECTOS
942 _cBK
999 _c6542
_d6542